[Event "CHN-RUS Summit Women"]
[Site "Shanghai CHN"]
[Date "2001.09.07"]
[Round "1"]
[White "Stepovaia Dianchenko,T"]
[Black "Wang Lei"]
[Result "1/2-1/2"]
[WhiteElo "2451"]
[BlackElo "2509"]
[EventDate "2001.09.07"]

1. e4 c5 2. d3 Nc6 3. f4 g6 4. Nf3 Bg7 5. g3 d6 6. Bg2 Rb8 7. O-O b5 8. h3
Nf6 9. g4 O-O 10. f5 b4 11. Qe1 Ba6 12. Nbd2 Nd7 13. Qh4 Nce5 14. Rb1 c4
15. dxc4 Nxc4 16. Nxc4 Bxc4 17. Rf2 Ne5 18. b3 Bb5 19. Bh6 Nxf3+ 20. Bxf3
Bd4 21. Kg2 Bxf2 22. Qxf2 Qb6 23. Bxf8 Qxf2+ 24. Kxf2 Kxf8 25. a4 Ba6 26.
Be2 Bxe2 27. Kxe2 Rc8 28. c4 bxc3 29. Kd3 Kg7 30. Rc1 Kf6 31. Rxc3 Rb8 32.
Kc2 Rb7 33. h4 g5 34. hxg5+ Kxg5 35. Rh3 f6 36. Rxh7 Kxg4 37. a5 a6 38. Kc3
Kf4 39. Rh4+ Ke5 40. b4 Rc7+ 41. Kd3 Rb7 42. Kc3 Rc7+ 43. Kd3 Rb7 1/2-1/2

[Event "CHN-RUS Summit Women"]
[Site "Shanghai CHN"]
[Date "2001.09.07"]
[Round "1"]
[White "Wang Pin"]
[Black "Kovalevskaya,E"]
[Result "0-1"]
[WhiteElo "2504"]
[BlackElo "2507"]
[EventDate "2001.09.07"]

1. e4 c5 2. Nf3 Nc6 3. d4 cxd4 4. Nxd4 Nf6 5. Nc3 e5 6. Ndb5 d6 7. Bg5 a6
8. Na3 b5 9. Bxf6 gxf6 10. Nd5 f5 11. c3 Bg7 12. exf5 Bxf5 13. Nc2 Be6 14.
g3 O-O 15. Bg2 a5 16. O-O f5 17. Qe2 Rb8 18. Rad1 Qd7 19. Rd2 e4 20. f4 b4
21. Nce3 bxc3 22. bxc3 Ne7 23. Rfd1 Nxd5 24. Nxd5 Qa7+ 25. Kh1 Kh8 26. g4
fxg4 27. Qxe4 Rbe8 28. Qa4 Qc5 29. Re2 Bd7 30. Qc2 Ba4 31. Qxa4 Rxe2 32.
Qd7 Qf2 0-1

[Event "CHN-RUS Summit Women"]
[Site "Shanghai CHN"]
[Date "2001.09.08"]
[Round "2"]
[White "Wang Lei"]
[Black "Zimina,O"]
[Result "1-0"]
[WhiteElo "2509"]
[BlackElo "2312"]
[EventDate "2001.09.07"]

1. d4 d5 2. c4 c6 3. Nc3 Nf6 4. cxd5 cxd5 5. Bf4 Nc6 6. e3 a6 7. Bd3 Bg4 8.
Nge2 e6 9. O-O Bd6 10. f3 Bh5 11. Rc1 O-O 12. Na4 e5 13. dxe5 Nxe5 14. Bg5
h6 15. Bh4 b5 16. Nac3 Qb6 17. Nd4 Ned7 18. Bf5 g5 19. Bf2 Rad8 20. Nce2
Ne5 21. Ng3 Nc4 22. Nxh5 Nxh5 23. b3 Na5 24. Bb1 Ng7 25. Qd3 f5 26. g4 Be5
27. Nxf5 Nxf5 28. gxf5 Qf6 29. f4 Bb8 30. Be1 Nb7 31. Bc3 Qf7 32. Qd4 Qh7
33. f6 Qf7 34. fxg5 hxg5 35. Qg4 Kh8 36. Rf3 1-0

[Event "CHN-RUS Summit Women"]
[Site "Shanghai CHN"]
[Date "2001.09.08"]
[Round "2"]
[White "Stepovaia Dianchenko,T"]
[Black "Wang Pin"]
[Result "1/2-1/2"]
[WhiteElo "2451"]
[BlackElo "2504"]
[EventDate "2001.09.07"]

1. e4 c5 2. Nc3 Nc6 3. g3 g6 4. d3 Bg7 5. Be3 d6 6. Qd2 e5 7. Bg2 Nge7 8.
f4 Nd4 9. Nf3 Rb8 10. O-O O-O 11. Nh4 exf4 12. Bxf4 b5 13. Rae1 b4 14. Nd1
Be6 15. c3 bxc3 16. bxc3 Ndc6 17. Nf3 Ne5 18. Bh6 Nxf3+ 19. Rxf3 Nc6 20.
Bxg7 Kxg7 21. Rf2 Ne5 22. Ne3 c4 23. dxc4 Bxc4 24. Qd4 Qc7 25. Rd1 Rb6 26.
Ng4 f6 27. Nxe5 fxe5 28. Qe3 Rxf2 29. Qxf2 Qf7 30. Qd2 Ra6 31. a3 Qc7 32.
h4 Rxa3 33. Qxd6 Qxd6 34. Rxd6 a5 35. Rd7+ Kf6 36. Rc7 Be6 37. Bf3 a4 38.
Kf2 h5 39. Be2 Ra1 40. c4 Rc1 41. Ra7 Rc2 42. Ke3 Bxc4 43. Bxc4 Rxc4 44.
Ra6+ Kf7 45. Ra7+ Kf8 46. Ra5 Rc3+ 47. Kf2 Rc2+ 48. Kf3 Rc3+ 49. Kf2 Rc2+
1/2-1/2

[Event "CHN-RUS Summit Women"]
[Site "Shanghai CHN"]
[Date "2001.09.09"]
[Round "3"]
[White "Wang Pin"]
[Black "Zimina,O"]
[Result "1-0"]
[WhiteElo "2504"]
[BlackElo "2312"]
[EventDate "2001.09.07"]

1. e4 c5 2. Nf3 Nc6 3. d4 cxd4 4. Nxd4 Nf6 5. Nc3 e5 6. Ndb5 d6 7. Bg5 a6
8. Na3 b5 9. Bxf6 gxf6 10. Nd5 f5 11. c3 Bg7 12. exf5 Bxf5 13. Nc2 Be6 14.
g3 O-O 15. Bg2 a5 16. O-O f5 17. Qh5 b4 18. Nce3 Rb8 19. Kh1 Kh8 20. f4
bxc3 21. bxc3 e4 22. g4 Ne7 23. Nxe7 Qxe7 24. gxf5 Bf7 25. f6 Qxf6 26. Qh3
Bg8 27. Rac1 Rb2 28. Bxe4 Re8 29. Bg2 Rxa2 30. Nd5 Qg6 31. Bf3 Ree2 32.
Bxe2 Rxe2 33. c4 Qe8 34. Qf3 a4 35. f5 Qe5 36. Rf2 Rxf2 37. Qxf2 Bxd5+ 38.
cxd5 Qxd5+ 39. Qg2 Qxg2+ 40. Kxg2 Bb2 41. Rc7 a3 42. Ra7 Be5 43. Kf3 a2 44.
Rxa2 Kg7 45. Ke4 Kf6 46. Rf2 Kf7 47. h3 Kf6 48. Rd2 Bg3 49. Rd5 Kg5 50. Rd3
Be5 51. Ra3 Kf6 52. Ra7 h6 53. Rh7 Kg5 54. h4+ Kh5 55. Kd5 Kxh4 56. Ke6 Kg5
57. Rb7 h5 58. Rb5 h4 59. f6 h3 60. f7 h2 61. Rb1 Bg7 62. Rh1 d5 63. Rxh2
Kf4 64. Rd2 d4 65. Rxd4+ 1-0

[Event "CHN-RUS Summit Women"]
[Site "Shanghai CHN"]
[Date "2001.09.10"]
[Round "4"]
[White "Wang Lei"]
[Black "Kovalevskaya,E"]
[Result "0-1"]
[WhiteElo "2509"]
[BlackElo "2507"]
[EventDate "2001.09.07"]

1. d4 Nf6 2. c4 g6 3. Nc3 Bg7 4. e4 d6 5. Be2 O-O 6. Bg5 Na6 7. f4 c6 8.
Nf3 Nc7 9. Qd2 b5 10. e5 b4 11. exf6 bxc3 12. bxc3 exf6 13. Bh4 Qd7 14. O-O
Ba6 15. Rfe1 Rfe8 16. Qc2 d5 17. Nd2 Bh6 18. Bxf6 Bxf4 19. Nf3 Bxc4 20.
Bxc4 dxc4 21. Be5 Bh6 22. Bxc7 Qxc7 23. Qa4 Bf4 24. Qxc4 Qd6 25. Qa4 Be3+
26. Kh1 c5 27. Rad1 cxd4 28. cxd4 Re7 29. h3 Rae8 30. d5 Kf8 31. Nd4 Re4
32. Qc6 Qg3 33. Nf3 Bf4 34. Rxe4 Rxe4 35. d6 Re2 36. Rg1 Bxd6 37. Qc8+ Kg7
38. Qc3+ f6 39. Qb3 Rf2 40. Qb7+ Kh6 41. Qb2 Rxb2 0-1

[Event "CHN-RUS Summit Women"]
[Site "Shanghai CHN"]
[Date "2001.09.10"]
[Round "4"]
[White "Stepovaia Dianchenko,T"]
[Black "Xu Yuhua"]
[Result "1/2-1/2"]
[WhiteElo "2451"]
[BlackElo "2502"]
[EventDate "2001.09.07"]

1. e4 c5 2. Nf3 d6 3. d4 Nf6 4. dxc5 Qa5+ 5. c3 Qxc5 6. Be3 Qc7 7. h3 g6 8.
Na3 Bd7 9. Bd3 Bg7 10. Nb5 Bxb5 11. Bxb5+ Nbd7 12. Bxd7+ Qxd7 13. Qd3 O-O
14. O-O Rfd8 15. Rfe1 Qc6 16. Nd2 Nd7 17. a4 Ne5 18. Qe2 Rdc8 19. Bd4 Nc4
20. Bxg7 Kxg7 21. Nxc4 Qxc4 22. Qxc4 Rxc4 23. f3 Rac8 24. Red1 R8c6 25. Kf2
f5 26. Ke3 fxe4 27. fxe4 R4c5 28. Rd5 Kf7 29. Rad1 Ke6 30. a5 Ra6 31. Rxc5
dxc5 32. b4 cxb4 33. cxb4 Rc6 34. Rd5 a6 35. b5 Rd6 36. bxa6 bxa6 37. Rc5
Kd7 38. h4 h6 39. g4 e6 40. Rc1 e5 41. Rc5 Ke6 42. Rc8 Rd1 43. Ra8 Rd6 44.
Rh8 Kf7 45. Rh7+ Kf8 46. Rxh6 Kg7 47. g5 Rd1 48. h5 gxh5 49. Rxa6 Ra1 50.
Kf3 Ra3+ 51. Kf2 Ra4 52. Kf3 Ra3+ 1/2-1/2

[Event "CHN-RUS Summit Women"]
[Site "Shanghai CHN"]
[Date "2001.09.12"]
[Round "6"]
[White "Wang Lei"]
[Black "Stepovaia Dianchenko,T"]
[Result "1-0"]
[WhiteElo "2509"]
[BlackElo "2451"]
[EventDate "2001.09.07"]

1. d4 d5 2. c4 e6 3. Nc3 c6 4. Nf3 dxc4 5. a4 Bb4 6. e3 b5 7. Bd2 Bb7 8.
axb5 Bxc3 9. Bxc3 cxb5 10. b3 a5 11. d5 Nf6 12. bxc4 b4 13. Bxf6 Qxf6 14.
Qa4+ Nd7 15. Nd4 e5 16. Nb3 Ke7 17. Be2 Qd6 18. f4 Rhc8 19. O-O e4 20. Nxa5
Qb6 21. d6+ Ke8 22. Qb5 Qxe3+ 23. Kh1 Qxe2 24. Nxb7 Rxa1 25. Rxa1 f6 26.
Na5 Qb2 27. Rg1 Qd4 28. Qh5+ Kf8 29. Qxh7 Kf7 30. Qh5+ Kg8 31. Qg4 Qa7 32.
Qe6+ Kh8 33. Nb3 Rf8 34. Qxe4 Qa3 35. Qd3 f5 36. c5 Nf6 37. h3 Ne4 38. Kh2
Qb2 39. d7 Kh7 1-0

[Event "CHN-RUS Summit Juniors"]
[Site "Shanghai CHN"]
[Date "2001.09.08"]
[Round "2"]
[White "Xu Yuanyuan"]
[Black "Shaposhnikov,E"]
[Result "0-1"]
[WhiteElo "2431"]
[BlackElo "2519"]
[EventDate "2001.09.07"]

1. d4 Nf6 2. c4 e6 3. Nc3 Bb4 4. Qc2 c5 5. dxc5 Bxc5 6. Nf3 Qb6 7. e3 Be7
8. Bd3 d6 9. O-O Nbd7 10. Rb1 a6 11. b4 Qc7 12. Bb2 b6 13. a3 Bb7 14. Rbc1
Rc8 15. Rfd1 Qb8 16. Qe2 O-O 17. Bb1 Qa8 18. Rd4 Rfe8 19. Rcd1 Rc7 20. Rh4
Rec8 21. Na4 h6 22. b5 axb5 23. cxb5 Ne4 24. Rg4 e5 25. Nxe5 dxe5 26. Bxe4
Bxe4 27. Rxd7 Qxa4 28. Rxg7+ Kxg7 29. Bxe5+ Kh7 30. Bxc7 Qxa3 31. Qg4 Qc1+
32. Rd1 f5 33. Qh5 Qxc7 34. Qf7+ Kh8 35. f3 Bg5 36. Qe6 Rd8 37. Rf1 Bd3 38.
Rd1 Qe7 0-1

[Event "CHN-RUS Summit Juniors"]
[Site "Shanghai CHN"]
[Date "2001.09.09"]
[Round "3"]
[White "Smirnov,P"]
[Black "Xu Yuanyuan"]
[Result "1-0"]
[WhiteElo "2530"]
[BlackElo "2431"]
[EventDate "2001.09.07"]

1. e4 c6 2. d4 d5 3. e5 Bf5 4. Nc3 Qb6 5. Nf3 e6 6. Be2 Nd7 7. O-O Bg4 8.
Na4 Qc7 9. b3 b5 10. Nb2 b4 11. Nd3 Qb6 12. Be3 Nh6 13. Nh4 Bxe2 14. Qxe2
Be7 15. Bxh6 gxh6 16. Qg4 h5 17. Qf4 Rg8 18. Nf3 Rg6 19. Rfc1 Qa5 20. Qd2
Bf8 21. Qe1 c5 22. a3 cxd4 23. axb4 Qb6 24. Ra4 Rg4 25. Rca1 Qc7 26. R1a2
Bg7 27. Qa1 Nxe5 28. Ndxe5 Bxe5 29. Rxa7 Rxa7 30. Rxa7 Qxc2 31. Nxe5 Rf4
32. Ra2 Qe4 33. g3 1-0

[Event "CHN-RUS Summit Juniors"]
[Site "Shanghai CHN"]
[Date "2001.09.10"]
[Round "4"]
[White "Xu Yuanyuan"]
[Black "Smirnov,P"]
[Result "0-1"]
[WhiteElo "2431"]
[BlackElo "2530"]
[EventDate "2001.09.07"]

1. d4 d5 2. c4 e6 3. Nc3 c6 4. Nf3 dxc4 5. a4 Bb4 6. e3 b5 7. Bd2 Bb7 8.
axb5 Bxc3 9. Bxc3 cxb5 10. b3 a5 11. d5 Nf6 12. dxe6 Qxd1+ 13. Kxd1 fxe6
14. Rxa5 Ne4 15. Rxa8 Bxa8 16. Be1 cxb3 17. Nd4 Bd5 18. Bxb5+ Kf7 19. f3
Nc5 20. e4 Bxe4 21. fxe4 Rd8 22. Rf1+ Kg6 23. Bd2 Nxe4 24. Nxb3 Nc3+ 25.
Ke1 Nxb5 26. Nc5 Rd5 27. Be3 e5 28. Ne6 Nd7 29. g4 Nc3 30. Rf5 Rd3 31. Bf4
Rd6 32. Bd2 Ne4 33. Nf8+ Nxf8 34. Bb4 Rf6 35. Bxf8 Rxf5 36. gxf5+ Kf7 37.
Bb4 Kf6 38. Bf8 Nc3 39. Kf2 Nd5 40. Kf3 Ne7 41. Ke4 Nxf5 42. Bb4 Ke6 43.
Be1 g5 44. Bd2 g4 45. Bb4 h5 46. Bc5 Nd6+ 47. Kd3 Ne8 48. Bf2 Kf5 49. Bg3
Nf6 50. Ke3 Ne4 51. Bh4 Ng5 52. Bg3 Nf3 53. h3 h4 54. Bf2 gxh3 0-1

[Event "CHN-RUS Summit Juniors"]
[Site "Shanghai CHN"]
[Date "2001.09.11"]
[Round "5"]
[White "Shaposhnikov,E"]
[Black "Xu Yuanyuan"]
[Result "1-0"]
[WhiteElo "2519"]
[BlackElo "2431"]
[EventDate "2001.09.07"]

1. e4 c6 2. d4 d5 3. Nd2 dxe4 4. Nxe4 Nd7 5. Nf3 Ngf6 6. Ng3 e6 7. Bd3 c5
8. O-O cxd4 9. Nxd4 Bc5 10. Nf3 Qc7 11. b3 b6 12. Bb2 Bb7 13. Qe2 O-O 14.
c4 Qf4 15. Rad1 Rad8 16. Bc2 h5 17. Qd2 Qxd2 18. Nxd2 Be7 19. Rfe1 Rfe8 20.
Nf3 Bb4 21. Rf1 g6 22. a3 Bf8 23. Rd3 e5 24. Rdd1 e4 25. Ng5 h4 26. Ne2 Bh6
27. Nh3 Ng4 28. Bd4 Nde5 29. Bc3 Nd3 30. Nd4 Nge5 31. Ne2 Bg7 32. Nhf4 Nxf4
33. Nxf4 Rxd1 34. Rxd1 Nf3+ 35. gxf3 Bxc3 36. fxe4 Bxe4 37. Bxe4 Rxe4 38.
Nd5 Be5 39. Kg2 Re2 40. h3 Kg7 41. Rd3 Rc2 42. Nb4 Rb2 43. Nc6 Bg3 44. Rf3
a5 45. c5 Bc7 46. cxb6 Bxb6 47. Ne5 Bd4 48. Nxf7 Bc5 49. Ne5 Bxa3 50. Nc4
Ra2 51. Nxa5 Re2 52. Kf1 Re4 53. Nc4 Bc5 54. Nd2 Re5 55. Rd3 g5 56. Nf3 Rf5
57. Kg2 Kf6 58. Rc3 Ke7 59. Rc4 Rd5 60. Re4+ Kd7 61. Re5 Rxe5 62. Nxe5+ Ke6
63. Ng4 Kd5 64. Kf3 Kd4 65. Nf6 Be7 66. Nh7 Kc3 67. Kg4 Bc5 68. Nxg5 Kxb3
69. f4 Kc4 70. Kxh4 Kd5 71. Kg4 Bd4 72. h4 Kd6 73. Kf5 Ke7 74. Kg6 Be3 75.
f5 Bd4 76. h5 Bb2 77. h6 1-0